000 00518nam a2200181Ia 4500
003 SGT
020 _a9788127270766
082 _a658
_bGUP
100 _aGupta,R.S
245 _aPrinciples and practice of management
260 _bKalyani Publishers
_aNew Delhi
_c2011
300 _aVPp.
650 _aMANAGEMENT
653 _aCONCEPT,NATURE AND IMPORTANCE OF MANAGEMENT,FUNCTIONS AND PRINCIPLES OF MANAGEMENT,BUSINESS FORECASTING,DEPARTMENTATION
700 _aBhalla,N.S
700 _aSharma,B.D
942 _2ddc
_cBK
999 _c5273
_d5273